Stupid Quiz - Statistics

General Stats
  • This quiz has been taken 284 times
  • The average score is 7 of 8
Answer Stats
Hint Answer % Correct
Opposite of always Never
99%
Opposite of down Up
97%
Opposite of me You
97%
The word brick without the first letter Rick
95%
Opposite of take Give
93%
Laugh out loud slang Lol
92%
Contraction of going to Gonna
75%
First word of ROFL Roll
73%
No matching quizzes found
Score Distribution
Percent of People with Each Score
Percentile by Number Answered
Your Score History
You have not taken this quiz